[Event "CEDIS Festival saha 2025 - 1. turnir"]
[Site "Podgorica"]
[Date "2025.03.29"]
[Round "3.10"]
[White "Pavlovic, David"]
[Black "Stankovic, Petar"]
[Result "0-1"]
[WhiteElo "1630"]
[BlackElo "1536"]
[PlyCount "88"]
[EventDate "2025.03.28"]
[EventType "swiss"]
[EventRounds "5"]
[EventCountry "MNE"]
[SourceDate "2025.03.29"]

1. e4 e5 2. Nf3 Nc6 3. Bc4 Nf6 4. d3 Bc5 5. Nc3 h6 6. h3 d6 7. Bd2 a6 8. a3 b5
9. Bb3 Ne7 10. Qe2 Bd7 11. Be3 Bxe3 12. Qxe3 O-O 13. O-O Ng6 14. Ne2 Nh5 15.
Nh2 Nhf4 16. Rfe1 Qc8 17. Qg3 Kh8 18. Rad1 f5 19. f3 Rf6 20. Rd2 Qd8 21. Kh1
Nxe2 22. Rexe2 Nf4 23. Re3 Nh5 24. Qh4 f4 25. Re1 Ng3+ 26. Kg1 g5 27. Qg4 Bxg4
28. Nxg4 h5 29. Nxf6 Qxf6 30. Bd5 Rc8 31. Bb7 Rb8 32. Bd5 Rb6 33. Bb3 a5 34.
Rf2 c6 35. Rd2 h4 36. Rf2 Kg7 37. Rd2 Kf8 38. Kf2 a4 39. Ba2 Ke7 40. c3 Rb8 41.
Rc2 Qf8 42. Rd2 Qd8 43. Rc2 Qb6+ 44. d4 exd4 0-1

[Event "CEDIS Festival saha 2025 - 1. turnir"]
[Site "Podgorica"]
[Date "2025.03.29"]
[Round "3.12"]
[White "Stanic, Stefan"]
[Black "Djendjinovic, Danilo"]
[Result "0-1"]
[WhiteElo "1471"]
[BlackElo "1620"]
[PlyCount "80"]
[EventDate "2025.03.28"]
[EventType "swiss"]
[EventRounds "5"]
[EventCountry "MNE"]
[SourceDate "2025.03.29"]

1. e4 c6 2. d4 d5 3. Nd2 dxe4 4. Nxe4 Bf5 5. Ng3 Bg6 6. Nh3 e6 7. Nf4 Nf6 8.
Be2 Bd6 9. Nxg6 hxg6 10. Qd3 Qc7 11. Ne4 Nxe4 12. Qxe4 Rxh2 13. Rxh2 Bxh2 14.
g3 Bxg3 15. fxg3 Qxg3+ 16. Kd2 Nd7 17. c3 Nf6 18. Qf3 Qh2 19. Kc2 Qg1 20. b3
O-O-O 21. Kb2 Rh8 22. Bf4 Qg4 23. Qxg4 Nxg4 24. Bxg4 Rh4 25. Bxe6+ fxe6 26. Be5
Rg4 27. Bxg7 Kd7 28. Rf1 Ke7 29. Bf8+ Ke8 30. Bd6 Rg2+ 31. Ka3 Rg5 32. Bb4 Rf5
33. Rh1 g5 34. Rh8+ Kf7 35. Rh2 g4 36. Bd6 Kg6 37. Kb2 Rf3 38. Kc2 g3 39. Rg2
Rf2+ 40. Rxf2 gxf2 0-1

[Event "CEDIS Festival saha 2025 - 1. turnir"]
[Site "Podgorica"]
[Date "2025.03.30"]
[Round "4.1"]
[White "Djukanovic, Sreten"]
[Black "Zizic, Djordje"]
[Result "1-0"]
[WhiteElo "2106"]
[BlackElo "2023"]
[PlyCount "85"]
[EventDate "2025.03.28"]
[EventType "swiss"]
[EventRounds "5"]
[EventCountry "MNE"]
[SourceDate "2025.03.29"]

1. d4 d5 2. c4 e6 3. Nc3 Nf6 4. Bg5 Bb4 5. e3 O-O 6. Qc2 Nbd7 7. Nf3 h6 8. Bh4
a6 9. cxd5 exd5 10. Be2 g5 11. Bg3 Ne4 12. O-O Bxc3 13. bxc3 Ndf6 14. c4 Bf5
15. Qb2 dxc4 16. Qxb7 Nxg3 17. hxg3 c3 18. Ne5 Qd6 19. Qb3 Ne4 20. g4 Bh7 21.
Rfc1 Rab8 22. Qc4 c5 23. f3 Rb4 24. Qxa6 Rb6 25. Qa3 Rb2 26. Bf1 cxd4 27. Qxd6
Nxd6 28. exd4 Rc8 29. Nd3 Rd2 30. Nc5 Bc2 31. a4 Rxd4 32. Rxc2 Rxc5 33. a5 Rd2
34. Rcc1 Nc8 35. a6 Na7 36. Ra3 c2 37. Rd3 Rxd3 38. Bxd3 Rc3 39. Be4 Kf8 40.
Rxc2 Rxc2 41. Bxc2 Ke7 42. Kf2 Kd6 43. Ke3 1-0

[Event "CEDIS Festival saha 2025 - 1. turnir"]
[Site "Podgorica"]
[Date "2025.03.30"]
[Round "4.2"]
[White "Felde, Bence"]
[Black "Sijaric, Alvir"]
[Result "1/2-1/2"]
[WhiteElo "1992"]
[BlackElo "1971"]
[PlyCount "96"]
[EventDate "2025.03.28"]
[EventType "swiss"]
[EventRounds "5"]
[EventCountry "MNE"]
[SourceDate "2025.03.29"]

1. d4 d5 2. c4 c6 3. cxd5 cxd5 4. Bf4 Nc6 5. e3 Nf6 6. Nc3 a6 7. Rc1 g6 8. Be2
Bg7 9. Nf3 O-O 10. Ne5 Nd7 11. Nxd7 Qxd7 12. Qb3 e5 13. dxe5 d4 14. Rd1 Qf5 15.
g4 Qd7 16. Na4 Qd8 17. exd4 Nxd4 18. Qc3 Nxe2 19. Rxd8 Nxc3 20. Rxf8+ Bxf8 21.
Nxc3 Bxg4 22. Rg1 Bf3 23. Rg3 Bc6 24. Rd3 Bb4 25. Bd2 Re8 26. f4 f6 27. Nd5
Bxd2+ 28. Kxd2 Bxd5 29. Rxd5 Kf7 30. Kd3 fxe5 31. fxe5 Re7 32. Ke4 Rc7 33. h4
Ke7 34. Rd6 Rc4+ 35. Kd5 Rb4 36. b3 a5 37. Re6+ Kd7 38. Rd6+ Ke7 39. h5 Rb5+
40. Kd4 Rb4+ 41. Kc5 gxh5 42. Rh6 h4 43. Rxh7+ Ke6 44. Rh5 b6+ 45. Kc6 a4 46.
bxa4 Rxa4 47. Kxb6 Rxa2 48. Rxh4 Kxe5 1/2-1/2

[Event "CEDIS Festival saha 2025 - 1. turnir"]
[Site "Podgorica"]
[Date "2025.03.30"]
[Round "4.3"]
[White "Jovanovic, Luka"]
[Black "Abramovic, Dragoljub"]
[Result "0-1"]
[WhiteElo "1691"]
[BlackElo "2001"]
[PlyCount "118"]
[EventDate "2025.03.28"]
[EventType "swiss"]
[EventRounds "5"]
[EventCountry "MNE"]
[SourceDate "2025.03.29"]

1. Nf3 d5 2. d4 Bg4 3. Ne5 Bf5 4. Bf4 c6 5. e3 Nf6 6. Nd2 h6 7. Bd3 e6 8. O-O
Be7 9. h3 O-O 10. g4 Bxd3 11. Nxd3 Ne4 12. Nxe4 dxe4 13. Ne1 f5 14. Ng2 Nd7 15.
c4 Nf6 16. g5 hxg5 17. Bxg5 Nh7 18. Bxe7 Qxe7 19. Nf4 Qh4 20. Qh5 Qxh5 21. Nxh5
Ng5 22. Nf4 Kf7 23. Kg2 Rh8 24. Rad1 Rad8 25. Rh1 Nf3 26. d5 exd5 27. cxd5 g5
28. Ne6 Rxd5 29. Rxd5 cxd5 30. Nc7 Rd8 31. Rc1 Rc8 32. Rc3 d4 33. exd4 Nxd4 34.
a3 b6 35. a4 Ne2 36. Nb5 Nxc3 37. Nd6+ Ke6 38. Nxc8 Nxa4 39. b3 Nc5 40. b4 Na6
41. b5 Nb4 42. Nxa7 Kd7 43. f3 exf3+ 44. Kxf3 Kc7 45. Kg3 Kb7 46. h4 gxh4+ 47.
Kxh4 Kxa7 48. Kg5 Nd5 49. Kxf5 Nc7 50. Ke4 Nxb5 51. Kd5 Ka6 52. Kc4 Ka5 53. Kb3
Nd6 54. Ka3 b5 55. Kb3 b4 56. Kb2 Ka4 57. Ka2 b3+ 58. Kb1 Ka3 59. Ka1 Nb5 0-1

[Event "CEDIS Festival saha 2025 - 1. turnir"]
[Site "Podgorica"]
[Date "2025.03.30"]
[Round "4.4"]
[White "Sorochenkova, Margarita"]
[Black "Bujisic, Milos"]
[Result "0-1"]
[WhiteElo "1648"]
[BlackElo "1974"]
[PlyCount "84"]
[EventDate "2025.03.28"]
[EventType "swiss"]
[EventRounds "5"]
[EventCountry "MNE"]
[SourceDate "2025.03.29"]

1. e4 d5 2. exd5 Qxd5 3. Nc3 Qa5 4. d4 c6 5. Nf3 Bf5 6. Bc4 e6 7. h3 Nd7 8. Bd2
Qc7 9. O-O Bd6 10. Re1 O-O-O 11. a4 h6 12. a5 Ngf6 13. Be3 g5 14. Qe2 g4 15.
Ne5 gxh3 16. g3 Rhg8 17. Kh1 h5 18. Bf4 h4 19. Qe3 hxg3 20. Bxg3 Nd5 21. Bxd5
exd5 22. Rg1 Nf6 23. Qf4 Be4+ 24. f3 Nh5 25. Qh4 Bxf3+ 26. Kh2 f6 27. Qxh3+ Kb8
28. Nxf3 Nxg3 29. Rg2 Rh8 30. Nh4 Rxh4 31. Qxh4 Nf5+ 32. Kg1 Nxh4 33. Rf2 Bf4
34. Kf1 Be3 35. Rxf6 Bxd4 36. Rh6 Qf4+ 37. Ke1 Qxh6 38. Kd1 Rg8 39. Ne2 Nf3 40.
Nf4 Qxf4 41. Ke2 Qe3+ 42. Kf1 Nd2# 0-1

[Event "CEDIS Festival saha 2025 - 1. turnir"]
[Site "Podgorica"]
[Date "2025.03.30"]
[Round "4.5"]
[White "Vujadinovic, Zeljko"]
[Black "Lakusic, Zoran"]
[Result "1/2-1/2"]
[WhiteElo "1803"]
[BlackElo "1737"]
[PlyCount "22"]
[EventDate "2025.03.28"]
[EventType "swiss"]
[EventRounds "5"]
[EventCountry "MNE"]
[SourceDate "2025.03.29"]

1. d4 Nf6 2. Nf3 e6 3. c4 c5 4. e3 cxd4 5. exd4 Bb4+ 6. Bd2 Bxd2+ 7. Nbxd2 d5
8. Be2 Qa5 9. O-O Ne4 10. a3 Nxd2 11. Qxd2 Qxd2 1/2-1/2

[Event "CEDIS Festival saha 2025 - 1. turnir"]
[Site "Podgorica"]
[Date "2025.03.30"]
[Round "4.6"]
[White "Koprivica, Andrija"]
[Black "Dedic, Slavko"]
[Result "1-0"]
[WhiteElo "1694"]
[BlackElo "1884"]
[PlyCount "99"]
[EventDate "2025.03.28"]
[EventType "swiss"]
[EventRounds "5"]
[EventCountry "MNE"]
[SourceDate "2025.03.29"]

1. e4 e5 2. Bc4 Nc6 3. Nc3 Nf6 4. d3 h6 5. f4 exf4 6. Bxf4 d6 7. Nf3 Bg4 8. Qd2
Bxf3 9. gxf3 Ne5 10. Bxe5 dxe5 11. a3 c6 12. f4 Bd6 13. fxe5 Bxe5 14. O-O-O Qc7
15. Rhf1 O-O-O 16. Ne2 Nxe4 17. Qe3 Nf6 18. Qxa7 Rd7 19. d4 Bxh2 20. Nc3 b5 21.
Qa8+ Qb8 22. Qxc6+ Rc7 23. Qa6+ Qb7 24. Bxb5 Qxa6 25. Bxa6+ Kb8 26. Rd2 Bd6 27.
Nb5 Rc6 28. Nxd6 Rxd6 29. Bc4 Rd7 30. Rg2 Rxd4 31. Bxf7 Rhd8 32. Rxg7 R8d7 33.
Rg6 Ng4 34. Rxg4 Rxg4 35. Be6 Rdd4 36. Bxg4 Rxg4 37. Rh1 Rg6 38. b3 Kc7 39. a4
Kb6 40. Rh5 Kc6 41. Kb2 Kd6 42. b4 Ke7 43. b5 Kf7 44. Kb3 Rg3+ 45. c3 Kg6 46.
Rh1 h5 47. a5 Kg5 48. a6 Rd3 49. a7 Rd8 50. b6 1-0

[Event "CEDIS Festival saha 2025 - 1. turnir"]
[Site "Podgorica"]
[Date "2025.03.30"]
[Round "4.7"]
[White "Stankovic, Petar"]
[Black "Dzeverdanovic, Damjan"]
[Result "0-1"]
[WhiteElo "1536"]
[BlackElo "1818"]
[PlyCount "102"]
[EventDate "2025.03.28"]
[EventType "swiss"]
[EventRounds "5"]
[EventCountry "MNE"]
[SourceDate "2025.03.29"]

1. e4 c6 2. d4 d5 3. Nc3 dxe4 4. Bc4 Nf6 5. f3 Bf5 6. fxe4 Nxe4 7. Nxe4 Bxe4 8.
Qe2 Bd5 9. Nf3 Bxc4 10. Qxc4 Nd7 11. Ng5 Qa5+ 12. Bd2 Qd5 13. Qxd5 cxd5 14. O-O
Nf6 15. c4 h6 16. Nf3 dxc4 17. Rac1 b5 18. b3 cxb3 19. axb3 e6 20. Rc7 Bd6 21.
Rc6 Kd7 22. Ra6 Ke7 23. Rc1 Rhc8 24. Rxc8 Rxc8 25. Rxa7+ Rc7 26. Rxc7+ Bxc7 27.
Bb4+ Bd6 28. Bxd6+ Kxd6 29. Kf2 Kd5 30. Ke3 Nd7 31. Ne1 Nb8 32. Nc2 Nc6 33. Kd3
f5 34. Ne3+ Kd6 35. g3 g5 36. h3 Nb4+ 37. Ke2 Nd5 38. Ng2 f4 39. g4 Nb4 40. Ne1
Kd5 41. Nf3 Ke4 42. Ne5 Kxd4 43. Nf7 Ke4 44. Nd6+ Kd5 45. Nxb5 e5 46. Nc3+ Kd4
47. Nb5+ Kc5 48. Nc3 Nd5 49. Ne4+ Kb4 50. Nd2 e4 51. Nxe4 Nc3+ 0-1

[Event "CEDIS Festival saha 2025 - 1. turnir"]
[Site "Podgorica"]
[Date "2025.03.30"]
[Round "4.8"]
[White "Djendjinovic, Danilo"]
[Black "Vesovic, Nebojsa"]
[Result "0-1"]
[WhiteElo "1620"]
[BlackElo "1812"]
[PlyCount "88"]
[EventDate "2025.03.28"]
[EventType "swiss"]
[EventRounds "5"]
[EventCountry "MNE"]
[SourceDate "2025.03.29"]

1. d4 Nf6 2. Nf3 d6 3. Bf4 g6 4. e3 Bg7 5. c4 O-O 6. Nc3 h6 7. h3 c6 8. Be2 Na6
9. O-O Nc7 10. Qd2 Ne6 11. Bh2 Re8 12. d5 Nc5 13. Rac1 Bd7 14. Ne1 Nfe4 15.
Nxe4 Nxe4 16. Qc2 Nf6 17. Bf3 c5 18. a3 a5 19. Nd3 Qc8 20. e4 Nh7 21. e5 Ng5
22. Be2 dxe5 23. Bxe5 Bf5 24. Bxg7 Kxg7 25. Qc3+ Kg8 26. Qd2 Kg7 27. h4 Ne4 28.
Qe3 b6 29. g4 Nd6 30. gxf5 Nxf5 31. Qe5+ f6 32. Qf4 g5 33. hxg5 hxg5 34. Qg4
Rh8 35. Nf4 Rh4 36. Ne6+ Kg6 37. Qg2 Nd4 38. Nxd4 cxd4 39. f3 Qc7 40. Bd3+ Kf7
41. Rf2 Rah8 42. Be4 Qf4 43. Rcc2 Rh3 44. Rfe2 Rg3 0-1

[Event "CEDIS Festival saha 2025 - 1. turnir"]
[Site "Podgorica"]
[Date "2025.03.30"]
[Round "4.12"]
[White "Markovic, Janko"]
[Black "Pavlovic, David"]
[Result "1/2-1/2"]
[WhiteElo "1496"]
[BlackElo "1630"]
[PlyCount "118"]
[EventDate "2025.03.28"]
[EventType "swiss"]
[EventRounds "5"]
[EventCountry "MNE"]
[SourceDate "2025.03.29"]

1. e4 Nc6 2. d4 d5 3. e5 e6 4. Nf3 Nge7 5. Nc3 Ng6 6. Be2 Be7 7. O-O O-O 8. Be3
a6 9. Qd2 Bd7 10. h3 Na7 11. Rfe1 Nb5 12. Rab1 Nxc3 13. bxc3 b5 14. Bd3 c6 15.
Rbd1 Qa5 16. Rb1 Rab8 17. Red1 Rfc8 18. Kf1 Re8 19. Kg1 Qc7 20. Rb2 a5 21. Ra1
a4 22. a3 Qa5 23. g4 Rec8 24. g5 c5 25. h4 c4 26. Be2 Qd8 27. Kf1 f6 28. exf6
gxf6 29. Ke1 fxg5 30. hxg5 Qc7 31. Bf1 Rf8 32. Ng1 Qh2 33. f3 Qxd2+ 34. Kxd2
Nh4 35. Be2 Ng2 36. Nh3 e5 37. Rab1 Bxh3 38. Bf1 Nxe3 39. Bxh3 Bxg5 40. Ke2
exd4 41. cxd4 Kh8 42. Rxb5 Rxb5 43. Rxb5 Re8 44. Kd2 Kg8 45. Rb7 Nf5+ 46. Kc3
Re2 47. Bxf5 Bd2+ 48. Kb2 c3+ 49. Kb1 Re1+ 50. Ka2 h6 51. Ra7 Bc1 52. Rxa4 Bb2
53. Kb3 Kg7 54. Ra7+ Kf6 55. Bd3 Kg5 56. Rg7+ Kf4 57. Rh7 Ra1 58. Kb4 Rxa3 59.
Rxh6 Kxf3 1/2-1/2

[Event "CEDIS Festival saha 2025 - 1. turnir"]
[Site "Podgorica"]
[Date "2025.03.30"]
[Round "5.2"]
[White "Zizic, Djordje"]
[Black "Felde, Bence"]
[Result "0-1"]
[WhiteElo "2023"]
[BlackElo "1992"]
[PlyCount "88"]
[EventDate "2025.03.28"]
[EventType "swiss"]
[EventRounds "5"]
[EventCountry "MNE"]
[SourceDate "2025.03.29"]

1. e4 e6 2. d3 d5 3. Nd2 b6 4. g3 Bb7 5. Bg2 Nf6 6. Qe2 dxe4 7. dxe4 Nbd7 8.
Ngf3 a5 9. O-O Bc5 10. e5 Nd5 11. Rd1 O-O 12. Ne4 Be7 13. a3 b5 14. Nc3 b4 15.
Nxd5 Bxd5 16. a4 Nb6 17. b3 c5 18. Be3 Qc7 19. Rac1 Rac8 20. Bf4 Qb7 21. Ne1 c4
22. Bxd5 Nxd5 23. Qg4 Rfd8 24. Bh6 Bf8 25. Bg5 Rd7 26. Bd2 cxb3 27. cxb3 Nc3
28. Bxc3 Rxd1 29. Qxd1 bxc3 30. Rb1 h6 31. Nc2 Qe4 32. Rc1 Qxe5 33. Ne3 Ba3 34.
Nc4 Rxc4 35. bxc4 Bxc1 36. Qxc1 Qd4 37. Qb1 Qxc4 38. Qc2 Qb4 39. Qd3 Qb2 40.
Qd8+ Kh7 41. Qd3+ f5 42. g4 c2 43. gxf5 c1=Q+ 44. Kg2 Qg5+ 0-1

[Event "CEDIS Festival saha 2025 - 1. turnir"]
[Site "Podgorica"]
[Date "2025.03.30"]
[Round "5.3"]
[White "Sijaric, Alvir"]
[Black "Bujisic, Milos"]
[Result "1-0"]
[WhiteElo "1971"]
[BlackElo "1974"]
[PlyCount "85"]
[EventDate "2025.03.28"]
[EventType "swiss"]
[EventRounds "5"]
[EventCountry "MNE"]
[SourceDate "2025.03.29"]

1. d4 d5 2. c4 c6 3. Nf3 h6 4. g3 Nf6 5. Bg2 dxc4 6. O-O e6 7. Ne5 b5 8. a4 Qb6
9. axb5 Qxb5 10. Nc3 Qb6 11. Nxc4 Qc7 12. Bf4 Qd8 13. Ne5 Nd5 14. Bd2 Bd6 15.
Nc4 Bc7 16. e4 Ne7 17. Be3 O-O 18. Qd2 a5 19. Rfd1 Ba6 20. b3 Qc8 21. Na4 Bb5
22. Nab6 Bxb6 23. Nxb6 Qb7 24. Nxa8 Qxa8 25. Qxa5 Qb7 26. Qa7 Qc8 27. Qxe7 Nd7
28. Ra7 Nf6 29. Bxh6 c5 30. Bg5 Nh7 31. Be3 cxd4 32. Rxd4 Qc2 33. h3 Qc8 34.
Qb7 Qe8 35. e5 Be2 36. Rd7 Bh5 37. Ra8 Qxa8 38. Qxa8 Rxa8 39. Bxa8 f6 40. b4
fxe5 41. b5 Be8 42. Rd8 Kf7 43. b6 1-0

[Event "CEDIS Festival saha 2025 - 1. turnir"]
[Site "Podgorica"]
[Date "2025.03.30"]
[Round "5.4"]
[White "Dzeverdanovic, Damjan"]
[Black "Vujadinovic, Zeljko"]
[Result "0-1"]
[WhiteElo "1818"]
[BlackElo "1803"]
[PlyCount "64"]
[EventDate "2025.03.28"]
[EventType "swiss"]
[EventRounds "5"]
[EventCountry "MNE"]
[SourceDate "2025.03.29"]

1. e4 c6 2. d4 d5 3. exd5 cxd5 4. Bd3 Nf6 5. h3 h6 6. Nf3 Nc6 7. c3 e6 8. Bf4
Bd6 9. Bxd6 Qxd6 10. O-O O-O 11. Re1 Bd7 12. Ne5 Rae8 13. Nd2 Bc8 14. Ndf3 Nd7
15. Bc2 f5 16. Qd3 Ncxe5 17. dxe5 Qe7 18. Nd4 a6 19. b4 Nb6 20. Kh2 Bd7 21. a4
Nc4 22. g4 Nb2 23. Qe2 fxg4 24. hxg4 Rf4 25. Kg3 Ref8 26. f3 Qg5 27. Rh1 g6 28.
Bxg6 Nc4 29. Bc2 Nxe5 30. Rh5 Rxf3+ 31. Qxf3 Rxf3+ 32. Nxf3 Qxg4+ 0-1

[Event "CEDIS Festival saha 2025 - 1. turnir"]
[Site "Podgorica"]
[Date "2025.03.30"]
[Round "5.5"]
[White "Vesovic, Nebojsa"]
[Black "Koprivica, Andrija"]
[Result "0-1"]
[WhiteElo "1812"]
[BlackElo "1694"]
[PlyCount "94"]
[EventDate "2025.03.28"]
[EventType "swiss"]
[EventRounds "5"]
[EventCountry "MNE"]
[SourceDate "2025.03.29"]

1. e4 c5 2. Nf3 e6 3. Be2 d5 4. e5 Nc6 5. O-O Qc7 6. Bb5 Bd7 7. Re1 Nxe5 8.
Bxd7+ Nxd7 9. d3 Bd6 10. h3 Ngf6 11. Nc3 a6 12. a4 Ne5 13. Kh1 h5 14. Bg5 Nxf3
15. Qxf3 Ng4 16. Nxd5 Qc6 17. Bf4 Bxf4 18. Nxf4 Qxf3 19. gxf3 Nf6 20. h4 O-O-O
21. Re5 Nd5 22. Nxd5 Rxd5 23. Rae1 Kd7 24. R5e4 Rh6 25. Rg1 g6 26. Rge1 Rh8 27.
Kg2 Rc8 28. b3 Rh8 29. f4 Ke7 30. Kf3 Rhd8 31. Kg3 Rd4 32. Re5 R8d5 33. R5e4
Rxe4 34. Rxe4 Kf6 35. Kf3 Kf5 36. Re1 f6 37. Rb1 Rd4 38. Ke3 Rxf4 39. a5 Rxh4
40. c3 Rh3+ 41. Ke2 Kf4 42. b4 c4 43. b5 Rxd3 44. bxa6 bxa6 45. Rb6 Kf5 46.
Rxa6 Rxc3 47. Ra8 Ra3 0-1

[Event "CEDIS Festival saha 2025 - 1. turnir"]
[Site "Podgorica"]
[Date "2025.03.30"]
[Round "5.6"]
[White "Lakusic, Zoran"]
[Black "Jovanovic, Luka"]
[Result "1-0"]
[WhiteElo "1737"]
[BlackElo "1691"]
[PlyCount "75"]
[EventDate "2025.03.28"]
[EventType "swiss"]
[EventRounds "5"]
[EventCountry "MNE"]
[SourceDate "2025.03.29"]

1. Nf3 d5 2. d4 Bf5 3. c4 e6 4. Nc3 Nf6 5. Qb3 Qc8 6. cxd5 exd5 7. Nxd5 Nxd5 8.
Qxd5 Bb4+ 9. Bd2 Bxd2+ 10. Nxd2 O-O 11. e3 Nc6 12. Qc5 Re8 13. Bb5 Bd7 14. Bxc6
Bxc6 15. O-O Qd7 16. Rac1 Rac8 17. Rfe1 Re6 18. e4 Rce8 19. f3 b6 20. Qc3 f5
21. Nc4 Bb7 22. Ne5 Qd6 23. exf5 R6e7 24. Kf2 Qf6 25. Qc4+ Kf8 26. Qd3 Qd6 27.
Ng4 c5 28. Rxe7 Rxe7 29. Rd1 Rd7 30. Ne5 Re7 31. f4 Qd5 32. Qf3 Qxa2 33. Qa3
Qd5 34. Nf3 Qxf5 35. dxc5 bxc5 36. Rd8+ Kf7 37. Qb3+ Kg6 38. Nh4+ 1-0

[Event "CEDIS Festival saha 2025 - 1. turnir"]
[Site "Podgorica"]
[Date "2025.03.30"]
[Round "5.8"]
[White "Mitrovic, Danilo"]
[Black "Peric, Toman"]
[Result "1/2-1/2"]
[WhiteElo "1593"]
[BlackElo "1609"]
[PlyCount "156"]
[EventDate "2025.03.28"]
[EventType "swiss"]
[EventRounds "5"]
[EventCountry "MNE"]
[SourceDate "2025.03.29"]

1. d4 Nf6 2. Bf4 e6 3. e3 d5 4. Nd2 c5 5. c3 Nc6 6. Ngf3 Be7 7. Be2 O-O 8. h3
b6 9. Qc2 Bb7 10. Ne5 Rc8 11. Nxc6 Bxc6 12. Bf3 Qd7 13. Be5 Ne8 14. a4 Bf6 15.
Bxf6 Nxf6 16. a5 Qc7 17. axb6 axb6 18. O-O Bb5 19. Rfc1 e5 20. dxe5 Qxe5 21.
Qb3 Bd3 22. c4 dxc4 23. Nxc4 Bxc4 24. Rxc4 Qe6 25. Rac1 Rfd8 26. Qc2 Qe7 27. b4
Nd7 28. Bg4 Rc7 29. Bxd7 Qxd7 30. bxc5 b5 31. Rd4 Qe7 32. Rxd8+ Qxd8 33. Rd1
Qc8 34. Qd3 h6 35. Qxb5 Rxc5 36. Qb2 Rc2 37. Qd4 Rc1 38. Rxc1 Qxc1+ 39. Kh2 Qc2
40. e4 Qc7+ 41. g3 h5 42. h4 g6 43. e5 Kf8 44. Qe4 Ke7 45. Qf4 Qb6 46. Qg5+ Ke8
47. Qf4 Ke7 48. Qd2 Ke8 49. Qa2 Ke7 50. f4 Ke8 51. Qa4+ Ke7 52. Qc2 Ke6 53.
Qc8+ Ke7 54. Qc2 Ke6 55. Kh3 Qb7 56. Qc4+ Ke7 57. Qc5+ Ke8 58. Qc1 Ke7 59. Kh2
Qb6 60. Qh1 Ke8 61. Qg2 Ke7 62. Qd5 Qf2+ 63. Kh3 Qb6 64. Qa8 Qe6+ 65. Kg2 Qb6
66. Qa3+ Ke8 67. Qf3 Qb2+ 68. Kh3 Qb6 69. Qd5 Ke7 70. Qc4 Qb7 71. Qe2 Qh1+ 72.
Qh2 Qb7 73. Qg1 Qd7+ 74. Kg2 Qb7+ 75. Kf2 Qb6+ 76. Kf1 Qb5+ 77. Ke1 Qb1+ 78.
Kf2 Qb2+ 1/2-1/2

[Event "CEDIS Festival saha 2025 - 1. turnir"]
[Site "Podgorica"]
[Date "2025.03.30"]
[Round "5.9"]
[White "Dedic, Slavko"]
[Black "Stankovic, Petar"]
[Result "1-0"]
[WhiteElo "1884"]
[BlackElo "1536"]
[PlyCount "105"]
[EventDate "2025.03.28"]
[EventType "swiss"]
[EventRounds "5"]
[EventCountry "MNE"]
[SourceDate "2025.03.29"]

1. e4 e5 2. Nf3 Nc6 3. c3 Nf6 4. d3 d5 5. exd5 Qxd5 6. Be2 Bd7 7. O-O O-O-O 8.
Ng5 Be6 9. Nxe6 Qxe6 10. Bg5 Kb8 11. Qa4 Bd6 12. b4 h6 13. b5 Ne7 14. Be3 b6
15. c4 Nf5 16. Kh1 Nxe3 17. fxe3 Bc5 18. Nd2 Bxe3 19. Nb3 Nd7 20. Bf3 Nc5 21.
Nxc5 Bxc5 22. Bd5 Rxd5 23. cxd5 Qxd5 24. Qe4 Qxe4 25. dxe4 Bd4 26. Rac1 f6 27.
h4 Rd8 28. Rcd1 Rd7 29. Kh2 Kb7 30. h5 Rd6 31. Kh3 Be3 32. Kg4 Rxd1 33. Rxd1
Kc8 34. Kf5 Bc5 35. Kg6 Be3 36. Kxg7 Bg5 37. Kf7 Kb7 38. Rd8 f5 39. Rg8 fxe4
40. g3 a6 41. Re8 e3 42. Rxe5 axb5 43. Ke6 c5 44. Kf5 c4 45. Ke4 e2 46. Kf3 c3
47. Rxe2 Bd2 48. Rxd2 cxd2 49. Ke2 d1=Q+ 50. Kxd1 Kc6 51. g4 Kd6 52. g5 Ke6 53.
g6 1-0

[Event "CEDIS Festival saha 2025 - 1. turnir"]
[Site "Podgorica"]
[Date "2025.03.30"]
[Round "5.11"]
[White "Pavlovic, David"]
[Black "Stanic, Stefan"]
[Result "1-0"]
[WhiteElo "1630"]
[BlackElo "1471"]
[PlyCount "127"]
[EventDate "2025.03.28"]
[EventType "swiss"]
[EventRounds "5"]
[EventCountry "MNE"]
[SourceDate "2025.03.29"]

1. e4 Nf6 2. Nc3 d5 3. exd5 Nxd5 4. Nxd5 Qxd5 5. Nf3 Bg4 6. Be2 e6 7. O-O Bc5
8. d4 Be7 9. Be3 O-O 10. h3 Bh5 11. c3 Nc6 12. Nh2 Bxe2 13. Qxe2 e5 14. dxe5
Qxe5 15. Ng4 Qe6 16. Rfe1 Rfe8 17. Rad1 Rad8 18. a3 a6 19. Rxd8 Bxd8 20. Qc2 f5
21. Nh2 f4 22. Bd2 Qf7 23. Rxe8+ Qxe8 24. Bxf4 Qf7 25. Be3 Ne7 26. Qd3 Nc6 27.
Ng4 h5 28. Ne5 Nxe5 29. Qxd8+ Kh7 30. Qd2 Qg6 31. Qe2 Kg8 32. Bf4 Qb1+ 33. Kh2
Nd3 34. Qe8+ Kh7 35. Qxh5+ Kg8 36. Qg6 Qf1 37. Bh6 Kf8 38. Qxg7+ Ke8 39. Qg8+
Kd7 40. Qh7+ Kc6 41. Qe4+ Kd7 42. Qd5+ Kc8 43. Qe6+ Kb8 44. Be3 b6 45. Qe8+ Kb7
46. f3 Qe2 47. Qe4+ Kb8 48. Bd4 Qd2 49. b4 Ne1 50. Qg4 Qe2 51. Qg3 Kb7 52. Qf2
Qd1 53. Be3 Nd3 54. Qd2 Qf1 55. Kg3 Ne5 56. Qd5+ Nc6 57. Bf4 Qe1+ 58. Kh2 Qh4
59. Bg3 Qh8 60. c4 Qd4 61. Qe4 Qb2 62. Qh7 a5 63. Qxc7+ Ka6 64. b5+ 1-0

[Event "CEDIS Festival saha 2025 - 1. turnir"]
[Site "Podgorica"]
[Date "2025.03.30"]
[Round "5.12"]
[White "Sorochenkov, Alexander"]
[Black "Markovic, Janko"]
[Result "0-1"]
[WhiteElo "1435"]
[BlackElo "1496"]
[PlyCount "146"]
[EventDate "2025.03.28"]
[EventType "swiss"]
[EventRounds "5"]
[EventCountry "MNE"]
[SourceDate "2025.03.29"]

1. e4 e6 2. d4 d5 3. Nd2 c5 4. Ngf3 Nc6 5. c3 g6 6. Bb5 Nge7 7. e5 Bg7 8. O-O
O-O 9. Re1 f6 10. exf6 Rxf6 11. Nf1 Qb6 12. Bd3 Bd7 13. Rb1 Raf8 14. Be3 c4 15.
Bc2 Nf5 16. Bg5 R6f7 17. Bxf5 Rxf5 18. Bh4 Bf6 19. Bg3 Bg7 20. Ne3 R5f7 21. Ng4
Ne7 22. Nge5 Bxe5 23. Nxe5 Nf5 24. Nxf7 Rxf7 25. Qe2 Nxg3 26. fxg3 Qd8 27. Rf1
Rxf1+ 28. Rxf1 Qa5 29. Qf2 Qd8 30. Qf7+ Kh8 31. Qf8+ Qxf8 32. Rxf8+ Kg7 33. Rb8
Bc6 34. Kf2 Kf6 35. Kf3 Kf7 36. Kg4 b6 37. Rc8 Bd7 38. Rc7 Ke7 39. Rxa7 e5+ 40.
Kg5 h6+ 41. Kxg6 e4 42. Ra6 e3 43. Kxh6 e2 44. Rxb6 e1=Q 45. a3 Qe3+ 46. Kh5
Be8+ 47. Kh4 Qe4+ 48. g4 Qh7+ 49. Kg3 Kf8 50. Rf6+ Bf7 51. g5 Qh5 52. h4 Ke7
53. Rf5 Be6 54. Rf4 Qe2 55. g6 Qxb2 56. Rf3 Qb8+ 57. Rf4 Qg8 58. h5 Qg7 59. Kh4
Qh6 60. g3 Bg8 61. a4 Kd6 62. Rf6+ Kc7 63. g4 Kd7 64. g5 Qg7 65. h6 Qe7 66. Rf4
Qe1+ 67. Kh5 Qh1+ 68. Rh4 Qd1+ 69. Rg4 Be6 70. h7 Qxg4+ 71. Kh6 Qh3+ 72. Kg7
Qxc3 73. Kf8 Qh3 0-1